000 00989nas a2200313 4500
001 BR2013007623
003 BR-BrBNA
005 20231205122955.0
007 ta
008 230509b bl.|||p| |||| 00| 00por d
040 _aBR-BrBNA
_bpor
_cBiblioteca Nacional de Agricultura
041 _a(Pt)
072 _aF08; P33
100 1 _aSpera, S.T.
100 1 _aSantos, H.P. dos
100 1 _aFontaneli, R.S.
100 1 _aOmar, G.
245 1 _aIntegração lavoura e pecuária e os atributos físicos de solo manejado sob sistema plantio direto
650 _aLATOSSOLO VERMELHO
650 _aROTAÇÃO DE CULTURA
650 _aPOROSIDADE
650 _aINTEGRAÇÃO
650 _aLAVOURA
650 _aPECUÁRIA
773 0 _tRevista Brasileira de Ciência do Solo (Brazil)
_xISSN 0100-0683
_g(Jan-Feb 2009), v. 33(1) p. 129-136
_wBR2013007623
856 4 0 _uhttp://www.scielo.br/pdf/rbcs/v33n1/14.pdf
909 _a202311
_bLúcia
_c55
_dLúcia Elande
942 _2AGRIS
_n0
_cANA
999 _c231558
_d231558